Making connections with blogging : (Record no. 76891)

MARC details
000 -LEADER
fixed length control field 00619nam a22001937a 4500
005 - DATE AND TIME OF LATEST TRANSACTION
control field 20130624124214.0
010 ## - LCCN (DPL NO)
LC control number ENG-107715
020 ## - INTERNATIONAL STANDARD BOOK NUMBER
International Standard Book Number 9789382601142
Terms of availability 275.00
035 ## - SYSTEM CONTROL NUMBER
System control number EN-91248
037 ## - SOURCE OF ACQUISITION
Source of stock number/acquisition DBAD/PUB
100 ## - MAIN ENTRY--PERSONAL NAME
Personal name Parisi, Lisa
245 ## - TITLE STATEMENT
Title Making connections with blogging :
Statement of responsibility, etc by Lisa Parisi [and] Brian Crosby
Remainder of title Authentic learning for today's classrooms /
260 ## - PUBLICATION, DISTRIBUTION, ETC. (IMPRINT)
Place of publication, distribution, etc Uttar Pradesh
Name of publisher, distributor, etc eVookz
Date of publication, distribution, etc 2010
270 ## - ADDRESS
Address 10,Parshawanath Edens,Sector,Alpha-11,Greater Noida
City Uttar Pradesh
300 ## - PHYSICAL DESCRIPTION
Extent ix,125p.:
Dimensions 23cm(pbk)
Other physical details ill.
500 ## - GENERAL NOTE
General note Includes index
700 ## - ADDED ENTRY--PERSONAL NAME
Personal name Crosby, Brian
942 ## - ADDED ENTRY ELEMENTS (KOHA)
Source of classification or shelving scheme Dewey Decimal Classification
Item type English Books
Call number suffix PAR
Holdings
Withdrawn status Lost status Not for loan Collection code Home library Current library Date acquired Source of acquisition Cost, normal purchase price Full call number Barcode Copy number Cost, replacement price Koha item type
    Not For Loan Non-fiction D.B.Act.Division D.B.Act.Division 24/06/2013 DBAD/PUB 275.00 PAR EN-91248 1 275.00 English Books

© Delhi Public Library
Hit Counter
free hit counter